15 Ciudades más pobladas por A - Estadísticas

Estadísticas generales
  • Esta prueba ha sido intentada 29 veces
  • La puntuación promedio es 6 de 15
Estadísticas de respuestas
Población Ciudad % Correcto
2.9M
Amsterdam
81%
5.4M
Ankara
63%
4.2M
Argel
63%
5M
Adis Abeba
56%
6.3M
Atlanta
52%
4.85M
Acra
44%
3.15M
Atenas
44%
2.4M
Austin
37%
6.1M
Alejandría
30%
5.35M
Abiyán
22%
8.65M
Ahmedabad
22%
2.05M
Almaty
15%
1.36M
Adelaida
11%
2.4M
Agra
7%
2.1M
Alepo
4%
No se encontraron pruebas coincidentes
Distribución de puntuación
Porcentaje de gente con cada puntuación
Porcentaje por número respondido
Historial de tus puntuaciones
No has intentado esta prueba.